[Event "Sterlitamak-ch U16 Girls 2"]
[Site "Sterlitamak"]
[Date "2016.08.20"]
[Round "7"]
[White "Fattakhova, Liliana"]
[Black "Saifullina, Fairuza"]
[Result "1-0"]
[WhiteElo "1223"]
[BlackElo "1393"]
[PlyCount "101"]
[EventDate "2016.08.17"]
[EventType "tourn"]
[EventRounds "9"]
[EventCountry "RUS"]
[SourceTitle "EXT 2022"]
[Source "ChessBase"]
[SourceDate "2021.10.06"]
[SourceVersion "1"]
[SourceVersionDate "2021.10.06"]
[SourceQuality "1"]

1. Nf3 Nc6 2. c4 e5 3. b3 Nf6 4. Bb2 d6 5. g3 Be7 6. Bg2 0-0 7. 0-0 h6 8. Re1 Be6 9. e4 Nb4 10. d4 exd4 11. Nxd4 Bg4 12. f3 Bh5 13. Nc3 Nd7 14. Ba3 Na6 15. b4 Ne5 16. Qb3 Qc8 17. c5 dxc5 18. bxc5 Nxc5 19. Qd5 Rd8 20. Qxe5 Bf6 21. Qxh5 Bxd4+ 22. Kf1 Nd3 23. Bh3 Qb8 24. Ne2 Nxe1 25. Rxe1 Bf6 26. Nf4 Rd2 27. Kg1 Rxa2 28. Rd1 Rxa3 29. Rd7 Qe8 30. Rxc7 b5 31. Bf1 Rb8 32. Nd5 Bd4+ 33. Kg2 b4 34. Bc4 Kf8 35. Nf4 b3 36. Rxf7+ Kg8 37. Re7+ Kh7 38. Rxe8 Rxe8 39. Qxe8 b2 40. Bd3 Rxd3 41. Nxd3 b1Q 42. Nf4 Qa2+ 43. Kh3 a5 44. Qg6+ Kh8 45. Ne6 Bb2 46. f4 Qa1 47. f5 Bf6 48. Qe8+ Kh7 49. Nf8+ Kg8 50. Ng6+ Kh7 51. Qh8# 1-0

[Event "Sterlitamak-ch U16 Girls 2"]
[Site "Sterlitamak"]
[Date "2016.08.19"]
[Round "6"]
[White "Fakhritdinova, Elvina"]
[Black "Fattakhova, Liliana"]
[Result "1-0"]
[WhiteElo "1711"]
[BlackElo "1223"]
[PlyCount "43"]
[EventDate "2016.08.17"]
[EventType "tourn"]
[EventRounds "9"]
[EventCountry "RUS"]
[SourceTitle "EXT 2022"]
[Source "ChessBase"]
[SourceDate "2021.10.06"]
[SourceVersion "1"]
[SourceVersionDate "2021.10.06"]
[SourceQuality "1"]

1. d4 d6 2. c4 Nf6 3. Nc3 g6 4. e4 Bg7 5. Be2 0-0 6. Nf3 c6 7. 0-0 Nbd7 8. Qc2 e5 9. dxe5 Nxe5 10. Nxe5 dxe5 11. Rd1 Qc7 12. Be3 b6 13. Rd2 Bb7 14. Rad1 Rad8 15. Bg5 c5 16. Nb5 Rxd2 17. Rxd2 Qb8 18. f3 a6 19. Nc3 Rd8 20. Qd1 h6 21. Rxd8+ Qxd8 22. Qxd8+ 1-0